[Event "1/4 Finale"]
[Site "www.chess-mail.com"]
[Date "2015.05.08"]
[Round "1"]
[White "Manolinex"]
[Black "Cobraxx7"]
[WhiteElo "2730"]
[BlackElo "2700"]
[Result "0-1"]
[Round "1"]
1.e4 c5
2.Ng1f3 d6
3.d4 cxd4
4.Nf3xd4 Ng8f6
5.Nb1c3 Nb8c6
6.f3 g6
7.Bc1e3 Bf8g7
8.Qd1d2 O-O
9.O-O-O Nc6xd4
10.Be3xd4 Bc8e6
11.Kb1 Qd8c7
12.h4 Rf8c8
13.h5 Qc7a5
14.hxg6 fxg6
15.a3 Ra8b8
16.Qd2e3 Rc8c6
17.b4 Qa5xa3
18.Nc3d5 Qa3xe3
19.Nd5xe3 Rb8a8
20.Rh1h4 a5
21.b5 Rc6c7
22.e5 dxe5
23.Bd4xe5 Rc7c5
24.Be5d4 Rc5g5
25.Rd1e1 Be6f7
26.c4 e5
27.Bd4c3 a4
28.Re1d1 Bg7f8
29.g4 Ra8c8
30.Bc3b2 h5
31.gxh5 gxh5
32.f4 Rg5g1
33.Bb2xe5 Bf8c5
34.Bf1e2 Rg1xd1
35.Ne3xd1 Bc5e7
36.Nd1e3 Nf6d5
37.Rh4xh5 Bf7xh5
38.Be2xh5 Nd5xe3
{ resign }
0-1

[Event "Eq:chess tigers-Angels of Checkmate : "]
[Site "www.chess-mail.com"]
[Date "2015.05.08"]
[Round "1"]
[White "Billyg"]
[Black "Neverless"]
[WhiteElo "1620"]
[BlackElo "2660"]
[Result "0-1"]
[Round "1"]
1.e4 c5
2.d3 Nb8c6
3.Bc1e3 e6
4.d4 cxd4
5.Be3xd4 Ng8f6
6.f3 d5
7.Nb1d2 Nc6xd4
8.c3 Nd4c6
9.exd5 Nf6xd5
10.Nd2c4 b5
11.Nc4a3 b4
12.Na3b1 Qd8b6
13.Qd1e2 Nd5e3
14.g4 bxc3
15.bxc3 Bf8e7
16.a4 Be7h4
17.Kd2 Bc8a6
18.Qe2xe3 Qb6b2
{ resign }
0-1

[Event "Tourn. n8185"]
[Site "www.chess-mail.com"]
[Date "2015.05.09"]
[Round "1"]
[White "Dorulristea"]
[Black "Jose"]
[WhiteElo "2860"]
[BlackElo "2700"]
[Result "1/2-1/2"]
[Round "1"]
1.e4 c5
2.Ng1f3 d6
3.d4 cxd4
4.Nf3xd4 Ng8f6
5.Nb1c3 g6
6.Bc1e3 Bf8g7
7.f3 O-O
8.Qd1d2 Nb8c6
9.O-O-O d5
10.Qd2e1 e5
11.Nd4xc6 bxc6
12.exd5 cxd5
13.Be3g5 Bc8e6
14.Bf1c4 Qd8c7
15.Bc4xd5 Nf6xd5
16.Nc3xd5 Be6xd5
17.Rd1xd5 Qc7c4
18.Rd5a5 Qc4c7
19.Ra5b5 e4
20.Qe1xe4 Ra8e8
21.Rb5b7 Qc7a5
22.Bg5e7 Qa5xa2
23.Rh1e1 Bg7h6
24.f4 Bh6xf4
25.Qe4xf4 Qa2a1
26.Kd2 Re8d8
27.Be7xd8 Rf8xd8
28.Ke3 Qa1xe1
29.Kf3 Qe1d1
30.Kg3 Qd1e1
31.Kh3 Qe1e6
32.Kg3 Qe6e1
33.Kh3 { draw }
1/2-1/2

[Event "Tourn. n8202"]
[Site "www.chess-mail.com"]
[Date "2015.05.09"]
[Round "1"]
[White "Iko"]
[Black "Mitja"]
[WhiteElo "1500"]
[BlackElo "1560"]
[Result "0-1"]
[Round "1"]
1.e4 d5
2.e5 d4
3.Ng1f3 Bc8g4
4.h3 Bg4h5
5.g4 Bh5g6
6.h4 Bg6e4
7.Qd1e2 Qd8d5
8.Rh1h3 Be4xf3
9.Rh3xf3 e6
10.Qe2b5 Qd5xb5
11.Bf1xb5 c6
12.Bb5c4 Nb8d7
13.Rf3f4 Bf8c5
14.d3 Nd7xe5
15.Bc4b3 Ng8e7
16.Rf4e4 Ne5f3
17.Kf1 Nf3xh4
18.g5 Nh4g6
19.Nb1d2 Ne7d5
20.Nd2c4 O-O-O
21.Bc1d2 Rh8e8
22.Ke2 e5
23.Ra1h1 f6
24.gxf6 gxf6
25.Rh1xh7 Ng6f4
26.Bd2xf4 Nd5xf4
27.Kf1 Re8h8
28.Rh7xh8 Rd8xh8
29.Kg1 Kc7
30.a4 Bc5b4
31.f3 b5
32.axb5 cxb5
33.Nc4a3 a6
34.Kf2 Bb4d2
35.Kg3 Kd6
36.Kg4 Rh8h5
37.Re4xf4 Rh5g5
38.Kh4 Bd2xf4
39.Bb3f7 Bf4c1
40.b3 Bc1xa3
41.Bf7h5 Rg5g2
42.Kh3 Rg2xc2
43.b4 Ba3xb4
44.f4 Rc2c1
45.f5 Bb4d2
46.Bh5f7 Rc1c3
47.Bf7e8 Rc3xd3
48.Kh4 b4
49.Kh5 b3
50.Kg6 Bd2g5
51.Be8a4 b2
52.Ba4c2 Rd3b3
53.Bc2xb3 b1Q
54.Bb3c2 Qb1xc2
55.Kf7 Qc2xf5
56.Kg7 d3
57.Kf7 d2
58.Kg7 d1Q
59.Kf7 Qf5h7
60.Kf8 Qd1c1
61.Ke8 Qc1c8

0-1

[Event "Tourn. n8159"]
[Site "www.chess-mail.com"]
[Date "2015.05.09"]
[Round "1"]
[White "Anja"]
[Black "Zazi"]
[WhiteElo "1670"]
[BlackElo "1540"]
[Result "1-0"]
[Round "1"]
1.d4 f5
2.Bc1f4 d5
3.Ng1f3 h6
4.h4 g6
5.Nf3e5 Qd8d6
6.c4 dxc4
7.Qd1a4 c6
8.Qa4xc4 Bc8e6
9.Qc4d3 Qd6b4
10.Qd3d2 Qb4b6
11.Ne5xg6 Rh8h7
12.Ng6xf8 Kxf8
13.Nb1c3 h5
14.e4 Nb8d7
15.Nc3a4 Qb6d8
16.Bf1d3 fxe4
17.Bd3xe4 Rh7g7
18.Bf4g5 Qd8c7
19.Bg5h6 Ng8xh6
20.Qd2xh6 Qc7a5
21.Na4c3 Qa5b4
22.O-O-O Nd7f6
23.Be4c2 Nf6g4
24.Qh6xh5 Ng4xf2
25.Rh1f1 Rg7xg2
26.Qh5f3 Ke8
27.Qf3xg2 Nf2xd1
28.Rf1xd1 Qb4d6
29.h5 Kd7
30.d5 Qd6f4
31.Kb1 Be6g4
32.dxc6 Ke8
33.Bc2g6 Kf8
34.Rd1f1 Qf4xf1
35.Qg2xf1 Kg7
36.Qf1f7 Kh6
37.cxb7 Ra8b8
38.Nc3e4 Bg4e2
39.Qf7h7 
1-0

[Event "Tourn. n8118"]
[Site "www.chess-mail.com"]
[Date "2015.05.09"]
[Round "1"]
[White "Vinvangogh"]
[Black "Merimee"]
[WhiteElo "1560"]
[BlackElo "1540"]
[Result "0-1"]
[Round "1"]
1.e4 e5
2.Ng1f3 Nb8c6
3.Bf1c4 Qd8e7
4.b3 Ng8f6
5.Nf3g5 d5
6.exd5 Nc6d4
7.Bc1a3 Qe7d7
8.O-O g6
9.c3 Nd4f5
10.Qd1f3 h6
11.Qf3h3 h5
12.b4 Bf8h6
13.f4 b5
14.d4 e4
15.Nb1d2 bxc4
16.Nd2xe4 Nf6xe4
17.Ng5xe4 Qd7e7
18.Qh3f3 Bc8b7
19.d6 Bb7xe4
20.Ra1e1 Nf5xd6
21.Qf3e3 Nd6f5
22.Qe3e2 O-O
23.g4 hxg4
24.Qe2xg4 Nf5h4
25.f5 Bh6d2
26.Re1e2 Nh4f3
27.Kf2 Bd2xc3
28.Re2xe4 Qe7h4
29.Kxf3 Qh4xg4
30.Kxg4 Ra8d8
31.d5 Kg7
32.b5 Rf8e8
33.Re4xc4 Bc3e5
34.h4 Re8h8
35.Rc4xc7 Be5xc7
36.Ba3b2 Kh7
37.Kg5 Rh8g8
38.h5 gxh5
39.Kxh5 Rd8xd5
40.a4 Bc7d8
41.Bb2c1 f6
42.Bc1e3 Rd5d3
43.Rf1e1 Rd3xe3
44.Re1xe3 Rg8g5
45.Kh4 Rg5xf5
46.Kg4 Kg6
47.Re3g3 Bd8c7
48.Rg3c3 Rf5f4
49.Kh3 Bc7e5
50.Rc3c6 Rf4xa4
51.Rc6a6 Ra4xa6
52.bxa6 Kg5
53.Kg2 Kg4
54.Kf2 f5
55.Ke3 f4
56.Ke4 f3
57.Kxe5 f2
58.Kd6 f1Q
59.Kc6 Qf1xa6
60.Kc7 Kf5
61.Kb8 Ke6
62.Kc7 Qa6d6
63.Kb7 Qd6b6
64.Ka8 Qb6c5
65.Kb8 Qc5e7
66.Ka8 Kd6
67.Kb8 Kc6
68.Kc8 Qe7c7
{ resign }
0-1

[Event "Tourn. n8129"]
[Site "www.chess-mail.com"]
[Date "2015.05.09"]
[Round "1"]
[White "Szustan"]
[Black "Tyty56"]
[WhiteElo "2610"]
[BlackElo "2530"]
[Result "1-0"]
[Round "1"]
1.e4 d5
2.e5 c5
3.c3 Nb8c6
4.d4 Bc8f5
5.Ng1f3 e6
6.Bf1b5 Qd8b6
7.Nb1a3 Bf5g4
8.O-O cxd4
9.cxd4 Bg4xf3
10.Qd1xf3 Qb6xd4
11.Na3c2 Qd4xe5
12.Rf1e1 Qe5d6
13.Bc1f4 Qd6c5
14.Qf3d3 a6
15.Bb5xc6 Qc5xc6
16.Ra1c1 Qc6c4
17.Qd3e3 Qc4e4
18.Qe3g3 Qe4a4
19.b3 Qa4d7
20.Nc2d4 Ra8c8
21.Rc1xc8 Qd7xc8
22.Re1c1 Qc8d8
23.Rc1c7 Ng8f6
24.Qg3h3 Nf6d7
25.Nd4xe6 fxe6
26.Qh3xe6 Bf8e7
27.Bf4d6 { resign }
1-0

[Event "Tourn. n8213"]
[Site "www.chess-mail.com"]
[Date "2015.05.09"]
[Round "1"]
[White "Woodpusher2"]
[Black "Neverless"]
[WhiteElo "2620"]
[BlackElo "2660"]
[Result "1/2-1/2"]
[Round "1"]
1.e4 c5
2.Ng1f3 d6
3.d4 cxd4
4.Nf3xd4 Ng8f6
5.Nb1c3 a6
6.Bc1e3 e5
7.Nd4f3 Bf8e7
8.Bf1c4 O-O
9.O-O Nb8c6
10.Rf1e1 b5
11.Bc4f1 Ra8b8
12.Be3g5 Nf6g4
13.Bg5c1 Ng4f6
14.h3 Qd8c7
15.Bc1g5 b4
16.Bg5xf6 bxc3
17.Bf6xe7 cxb2
18.Be7xf8 bxa1Q
19.Qd1xa1 Kxf8
20.Qa1c3 f6
21.Nf3d2 Bc8e6
22.Bf1xa6 Be6xa2
23.Nd2b3 Qc7b6
24.Ba6f1 { draw }
1/2-1/2

[Event "Tourn. n8202"]
[Site "www.chess-mail.com"]
[Date "2015.05.09"]
[Round "1"]
[White "Azulmarino"]
[Black "Lena"]
[WhiteElo "1550"]
[BlackElo "1499"]
[Result "0-1"]
[Round "1"]
1.e4 e5
2.Ng1f3 Nb8c6
3.Bf1c4 Ng8f6
4.Nb1c3 Nf6xe4
5.Nc3xe4 d5
6.Ne4c3 dxc4
7.d3 cxd3
8.Bc1g5 f6
9.Bg5h4 Bc8f5
10.Nc3d5 Qd8xd5
11.cxd3 Bf5xd3
12.Qd1a4 Bf8b4
13.Nf3d2 Qd5e4
14.Kd1 Qe4e2
{ resign }
0-1

[Event "Tourn. n8198"]
[Site "www.chess-mail.com"]
[Date "2015.05.09"]
[Round "1"]
[White "Hansen"]
[Black "Iko"]
[WhiteElo "1400"]
[BlackElo "1500"]
[Result "0-1"]
[Round "1"]
1.e4 e5
2.a3 Ng8f6
3.Nb1c3 Bf8d6
4.g4 h5
5.g5 Nf6h7
6.Qd1xh5 Qd8xg5
7.Qh5f3 Nb8c6
8.Nc3d5 Nc6d4
9.Qf3c3 c6
10.Nd5e3 b6
11.Ng1h3 Nd4f3
12.Kd1 Qg5h4
13.Ne3f5 Qh4g4
14.Nf5xd6 Ke7
15.Qc3d3 Nf3d4
16.Bf1e2 Nd4xe2
17.Nd6f5 Kd8
18.b3 Ne2f4
19.f3 Qg4xh3
20.Qd3d6 Qh3xf3
21.Ke1 Qf3xh1
22.Kf2 Qh1xh2
23.Ke3 Qh2e2
{ resign }
0-1

[Event "Tourn. n8169"]
[Site "www.chess-mail.com"]
[Date "2015.05.09"]
[Round "1"]
[White "Tartan"]
[Black "Cathar"]
[WhiteElo "2420"]
[BlackElo "2240"]
[Result "1-0"]
[Round "1"]
1.d4 e6
2.e4 d5
3.Nb1c3 Bf8b4
4.e5 c5
5.a3 Bb4xc3
6.bxc3 Ng8e7
7.Qd1g4 O-O
8.Bf1d3 f5
9.exf6 Rf8xf6
10.Bc1g5 Rf6f7
11.Qg4h5 g6
12.Qh5d1 Nb8c6
13.Ng1f3 Qd8a5
14.Bg5d2 c4
15.Bd3e2 Ne7f5
16.O-O Bc8d7
17.Ra1b1 b6
18.Qd1c1 Ra8e8
19.Rf1e1 Nf5d6
20.Nf3g5 Rf7e7
21.a4 Qa5xa4
22.Rb1a1 Qa4b5
23.Qc1a3 Nd6e4
24.Re1b1 Qb5xb1
25.Ra1xb1 Ne4xd2
26.Rb1d1 { resign }
1-0

[Event "Match"]
[Site "www.echecsemail.com"]
[Date "2015.05.09"]
[Round "1"]
[White "F14"]
[Black "Gilliere"]
[WhiteElo "1830"]
[BlackElo "1810"]
[Result "1/2-1/2"]
[Round "1"]
1.e4 e5
2.Ng1f3 d6
3.Bf1c4 h6
4.O-O Ng8f6
5.Nb1c3 Nb8c6
6.d4 exd4
7.Nf3xd4 Nc6xd4
8.Qd1xd4 c5
9.Bc4b5 Bc8d7
10.Qd4a4 a6
11.Bb5xd7 Qd8xd7
12.Qa4xd7 Nf6xd7
13.Nc3d5 O-O-O
14.c4 g5
15.f4 f6
16.e5 dxe5
17.fxe5 fxe5
18.Bc1e3 b6
19.Rf1d1 Bf8g7
20.Nd5e7 Kc7
21.Rd1d2 Nd7b8
22.Rd2xd8 Rh8xd8
23.Ne7d5 Kb7
24.Ra1f1 Rd8d7
25.b3 Nb8c6
26.h3 Nc6d4
27.g4 Kc6
28.Kg2 b5
29.cxb5 axb5
30.Nd5c3 Rd7a7
31.Kg3 b4
32.Nc3a4 Kd6
33.h4 gxh4
34.Kh3 e4
35.Rf1f4 Kd5
36.Na4b6 Kc6
37.Nb6a4 Kd5
{ draw }
1/2-1/2

[Event "Match"]
[Site "www.echecsemail.com"]
[Date "2015.05.09"]
[Round "1"]
[White "Geodad5"]
[Black "Joseph1983"]
[WhiteElo "2170"]
[BlackElo "2070"]
[Result "0-1"]
[Round "1"]
1.e4 d6
2.d4 Ng8f6
3.Nb1c3 g6
4.Ng1f3 Bf8g7
5.h3 c6
6.Bf1d3 O-O
7.O-O Nf6d7
8.Bc1e3 e5
9.d5 Nd7b6
10.Qd1d2 cxd5
11.Nc3xd5 Nb6xd5
12.exd5 f5
13.Be3g5 Qd8c7
14.Bd3e2 e4
15.Nf3h4 Bg7xb2
16.Ra1b1 Bb2g7
17.c4 Nb8d7
18.Rb1b3 b6
19.Rb3g3 Nd7e5
20.Bg5h6 Bc8a6
21.Rf1c1 Ra8c8
22.a4 Qc7e7
23.Qd2f4 Rc8c5
24.Bh6xg7 Qe7xg7
25.f3 exf3
26.Nh4xf3 Ne5xf3
27.Rg3xf3 Rf8e8
28.Be2f1 Qg7c7
29.Rf3g3 Kh8
30.Qf4h6 Qc7g7
31.Qh6d2 Re8e4
32.Rg3c3 Kg8
33.Bf1d3 Qg7d4
34.Kh1 Re4e8
35.Qd2c2 Re8e3
36.Bd3f1 Re3xc3
37.Qc2xc3 Qd4xc3
38.Rc1xc3 Kg7
39.Kg1 Kf6
40.Kf2 Ke5
41.Rc3e3 Kf6
42.Re3e6 Kg5
43.Re6xd6 Ba6xc4
44.Rd6d7 Rc5xd5
45.Rd7xd5 Bc4xd5
46.g3 h6
47.Bf1b5 f4
48.Bb5e8 fxg3
49.Kxg3 h5
50.h4 Kf5
51.Be8b5 Ke5
52.Bb5e8 Bd5e4
53.Be8b5 Be4c2
54.Kf3 g5
55.hxg5 Kf5
56.Kg3 Kxg5
57.Kh3 Bc2f5
58.Kh2 Kf4
59.Bb5a6 Bf5c2
60.Ba6b5 Ke3
61.Kg3 Bc2d1
62.Kh4 Kd4
63.Bb5e8 Kc5
64.Kg3 Kb4
65.Kh4 Bd1xa4
66.Be8xh5 Ba4b3
67.Kg3 a5
68.Kf2 a4
{ resign }
0-1

[Event "Match"]
[Site "www.echecsemail.com"]
[Date "2015.05.09"]
[Round "1"]
[White "Drharislacan"]
[Black "Silent1"]
[WhiteElo "1699"]
[BlackElo "1950"]
[Result "0-1"]
[Round "1"]
1.e4 e5
2.f4 d6
3.fxe5 dxe5
4.d3 Bf8c5
5.Ng1f3 Bc8g4
6.Bf1e2 Bg4xf3
7.gxf3 Qd8h4
{ resign }
0-1

[Event "Match"]
[Site "www.echecsemail.com"]
[Date "2015.05.09"]
[Round "1"]
[White "Vattila2010"]
[Black "Sanci"]
[WhiteElo "1860"]
[BlackElo "1280"]
[Result "1-0"]
[Round "1"]
1.d4 d5
2.b4 e6
3.c3 c6
4.f4 f5
5.h4 h5
6.a4 a5
7.b5 Bc8d7
8.g3 Qd8b6
9.e3 g6
10.Qd1b3 Ng8f6
11.Bc1a3 Bf8xa3
12.Nb1xa3  { time }
1-0

[Event "Match"]
[Site "www.echecsemail.com"]
[Date "2015.05.09"]
[Round "1"]
[White "Gimmyg"]
[Black "Nham"]
[WhiteElo "2200"]
[BlackElo "2200"]
[Result "1-0"]
[Round "1"]
1.e4 e5
2.Ng1f3 Nb8c6
3.d4 exd4
4.Bf1c4 Ng8f6
5.e5 d5
6.Bc4b5 Nf6e4
7.Nf3xd4 Bc8d7
8.Bb5xc6 bxc6
9.O-O Bf8c5
10.f3 Ne4g5
11.Bc1e3 Qd8e7
12.f4 Ng5e4
13.Nb1d2 Ne4xd2
14.Qd1xd2 O-O
15.Be3f2 f6
16.Nd4f3 Bc5xf2
17.Rf1xf2 Ra8b8
18.b3 Qe7b4
19.c3 Qb4e7
20.Ra1e1 Rb8e8
21.e6 Bd7c8
22.f5 Re8d8
23.b4 Rf8e8
24.Nf3d4 Bc8b7
25.Nd4b3 c5
26.Nb3xc5 Bb7c6
27.Nc5a6 Qe7d6
28.Qd2d4 Bc6b5
29.Na6c5 a5
30.Nc5b7 { resign }
1-0

[Event "1/4 Finale"]
[Site "www.chess-mail.com"]
[Date "2015.05.09"]
[Round "1"]
[White "Stebac"]
[Black "Maxiboi"]
[WhiteElo "2730"]
[BlackElo "2850"]
[Result "1/2-1/2"]
[Round "1"]
1.d4 Ng8f6
2.c4 d6
3.Nb1c3 Nb8d7
4.e4 e5
5.Ng1f3 Bf8e7
6.Bf1e2 c6
7.O-O h6
8.Qd1c2 Qd8c7
9.Rf1d1 a6
10.Bc1e3 O-O
11.h3 Rf8e8
12.a3 a5
13.d5 a4
14.dxc6 bxc6
15.c5 Nd7xc5
16.Be3xc5 dxc5
17.Nc3xa4 Bc8e6
18.Be2c4 Be6xc4
19.Qc2xc4 Ra8a5
20.b3 Re8a8
21.Qc4c2 Nf6h7
22.Qc2c3 Nh7f8
23.Qc3xe5 Qc7b7
24.Qe5c3 Nf8e6
25.Ra1b1 Qb7b5
26.Nf3d2 Ne6d4
27.Kh1 Nd4xb3
28.Na4b6 Qb5xb6
29.Nd2c4 Qb6c7
30.Rb1xb3 Ra5b5
31.Rb3b2 Rb5xb2
32.Qc3xb2 Ra8b8
33.Qb2e2 Qc7c8
34.Qe2c2 Qc8e6
35.e5 g6
36.Kg1 h5
37.Kh2 Kg7
38.g3 f6
39.exf6 Be7xf6
40.Rd1d6 Qe6e8
41.Rd6d2 h4
42.gxh4 Qe8f7
43.Qc2e4 Bf6d4
44.Nc4e3 Rb8e8
45.Qe4g4 Bd4xe3
{ draw }
1/2-1/2

[Event "1/8 Finale"]
[Site "www.chess-mail.com"]
[Date "2015.05.09"]
[Round "1"]
[White "Rocadamare"]
[Black "Dorulristea"]
[WhiteElo "2690"]
[BlackElo "2860"]
[Result "0-1"]
[Round "1"]
1.e4 c5
2.Ng1f3 d6
3.d4 cxd4
4.Nf3xd4 Ng8f6
5.Nb1c3 Nb8c6
6.Bc1g5 e6
7.Qd1d2 a6
8.O-O-O Bc8d7
9.f4 b5
10.Nd4xc6 Bd7xc6
11.e5 dxe5
12.Qd2xd8 Ra8xd8
13.Rd1xd8 Kxd8
14.fxe5 h6
15.Bg5h4 g5
16.exf6 gxh4
17.h3 Bf8c5
18.Bf1d3 Bc6xg2
19.Rh1d1 Kc7
20.Nc3e4 Bc5e3
21.Kb1 Bg2xh3
22.Rd1h1 Rh8g8
{ resign }
0-1

[Event "Eq:CONFOEDERATIONIS HELVETICAE-Equipo Juan Diaz : "]
[Site "www.chess-mail.com"]
[Date "2015.05.09"]
[Round "1"]
[White "Gallows"]
[Black "Etekrik"]
[WhiteElo "2460"]
[BlackElo "2240"]
[Result "1-0"]
[Round "1"]
1.d4 d5
2.Ng1f3 Ng8f6
3.Bc1g5 Nb8d7
4.e3 e6
5.c4 Bf8e7
6.Nb1d2 O-O
7.Qd1c2 c6
8.Bg5h4 dxc4
9.Nd2xc4 b5
10.Nc4e5 Be7b4
11.Kd1 { resign }
1-0

[Event "Fast Game"]
[Site "www.echecsemail.com"]
[Date "2015.05.09"]
[Round "1"]
[White "Bobsax"]
[Black "Tartakow3r"]
[WhiteElo "1599"]
[BlackElo "1599"]
[Result "1-0"]
[Round "1"]
1.d4 Ng8f6
2.Bc1f4 c5
3.c3 Qd8b6
4.b3 e6
5.Ng1f3 Nb8c6
6.e3 d5
7.Bf1d3 Bf8e7
{ time. }
1-0

[Event "Tourn. n8093"]
[Site "www.chess-mail.com"]
[Date "2015.05.10"]
[Round "1"]
[White "Georgepapi"]
[Black "Baachio"]
[WhiteElo "1980"]
[BlackElo "1950"]
[Result "0-1"]
[Round "1"]
1.e4 e6
2.d4 d5
3.Nb1c3 Bf8b4
4.e5 c5
5.a3 Bb4xc3
6.bxc3 c4
7.Qd1g4 g6
8.Ng1f3 Nb8c6
9.h4 Bc8d7
10.h5 Ng8e7
11.Bc1g5 Qd8c7
12.Bf1e2 O-O-O
13.Qg4h4 Rd8e8
14.Kd2 Ne7f5
15.Qh4h3 h6
16.Bg5e3 g5
17.Nf3h2 Rh8f8
18.Nh2g4 Nf5xe3
19.Qh3xe3 f5
20.Ng4f6 Re8e7
21.g3 b6
22.f3 Re7f7
23.a4 Nc6e7
24.Rh1b1 Ne7g8
25.a5 b5
 { time }
0-1

[Event "Tourn. n8178"]
[Site "www.chess-mail.com"]
[Date "2015.05.10"]
[Round "1"]
[White "Osopanda"]
[Black "Julian"]
[WhiteElo "1990"]
[BlackElo "1960"]
[Result "1-0"]
[Round "1"]
1.c4 Ng8f6
2.d4 d6
3.Nb1c3 g6
4.e4 Bf8g7
5.f4 c6
6.Ng1f3 Qd8c7
7.Bf1d3 e5
8.fxe5 dxe5
9.d5 cxd5
10.cxd5 O-O
11.Bc1e3 a6
12.O-O Nb8d7
13.Ra1c1 Nf6g4
14.Be3d2 b5
15.Nc3xb5 Qc7b6
16.Nb5d4 exd4
17.e5 Ng4xe5
18.Nf3xe5 Nd7xe5
19.Bd3b1 Bc8b7
20.Bd2g5 Bb7xd5
21.Bg5e7 Rf8e8
{ time. }
1-0

[Event "Tourn. n8202"]
[Site "www.chess-mail.com"]
[Date "2015.05.10"]
[Round "1"]
[White "Iko"]
[Black "Anja"]
[WhiteElo "1500"]
[BlackElo "1680"]
[Result "0-1"]
[Round "1"]
1.e4 Ng8f6
2.e5 Nf6d5
3.d4 d6
4.Bf1c4 c6
5.Qd1e2 e6
6.Ng1f3 Bf8e7
7.Bc4xd5 cxd5
8.Bc1g5 f6
9.exf6 Be7xf6
10.c4 dxc4
11.Qe2xc4 Bf6xg5
12.Nf3xg5 d5
13.Qc4a4 Bc8d7
14.Qa4b3 Qd8xg5
15.Qb3xb7 Bd7c6
16.Qb7c7 Qg5c1
17.Ke2 Bc6b5
18.Kf3 Qc1xc7
19.Nb1a3 O-O
20.Kg4 Qc7f4
21.Kh3 e5
22.Na3xb5 Rf8f5
23.Nb5c7 Rf5h5

0-1

[Event "Tourn. n8203"]
[Site "www.chess-mail.com"]
[Date "2015.05.10"]
[Round "1"]
[White "Yangqi"]
[Black "Liencam2"]
[WhiteElo "2200"]
[BlackElo "2290"]
[Result "1-0"]
[Round "1"]
1.c4 e5
2.g3 Nb8c6
3.Nb1c3 f5
4.Ng1f3 d6
5.d4 e4
6.Nf3g5 h6
7.Ng5h3 g5
8.d5 Nc6e5
9.f4 exf3
10.exf3 Qd8e7
11.f4 Ne5g6
12.Qd1e2 g4
13.Nh3f2 Bc8d7
14.Bc1e3 Ng8f6
15.O-O-O a6
16.Qe2d3 O-O-O
17.Rd1e1 Rd8e8
18.Qd3d4 b6
19.Qd4d3 Nf6e4
20.Nc3xe4 fxe4
21.Qd3a3 Kb7
22.Be3d2 Qe7f7
23.Nf2xe4 Bf8g7
24.c5 dxc5
25.Ne4d6 cxd6
26.Qa3xa6 Kc7
27.Qa6a7 Kd8
28.Qa7xb6 { resign }
1-0

[Event "Tourn. n8161"]
[Site "www.chess-mail.com"]
[Date "2015.05.10"]
[Round "1"]
[White "Alexgabib"]
[Black "Inez"]
[WhiteElo "1499"]
[BlackElo "1270"]
[Result "0-1"]
[Round "1"]
1.e4 c5
2.Ng1f3 e6
3.d4 cxd4
4.Nf3xd4 a6
5.Bf1d3 Ng8f6
6.Nb1c3 Qd8c7
7.O-O Nb8c6
8.Nd4xc6 dxc6
9.b3 h5
 { time }
0-1

[Event "Tourn. n8171"]
[Site "www.chess-mail.com"]
[Date "2015.05.10"]
[Round "1"]
[White "Jaroslavpech"]
[Black "Cathar"]
[WhiteElo "2390"]
[BlackElo "2280"]
[Result "1-0"]
[Round "1"]
1.d4 Ng8f6
2.c4 e6
3.Nb1c3 Bf8b4
4.Qd1c2 d5
5.a3 Bb4xc3
6.Qc2xc3 dxc4
7.Qc3xc4 b6
8.Ng1f3 Bc8a6
9.Qc4c2 O-O
10.Bc1g5 Nb8d7
11.Qc2c6 Qd8c8
12.Ra1c1 Ba6b7
13.Qc6xc7 Nf6d5
14.Qc7d6 Qc8b8
15.Qd6xd7 { resign }
1-0

[Event "Tourn. n8181"]
[Site "www.chess-mail.com"]
[Date "2015.05.10"]
[Round "1"]
[White "Xandersonx"]
[Black "Birdchess"]
[WhiteElo "1829"]
[BlackElo "1720"]
[Result "1-0"]
[Round "1"]
1.e4 e6
2.c3 d5
3.Bf1d3 dxe4
4.Qd1a4 Nb8c6
5.Bd3xe4 Bc8d7
6.Qa4c2 Ng8f6
7.Be4d3 Bf8e7
8.Ng1f3 O-O
9.O-O Rf8e8
10.Nf3g5 h6
11.Bd3h7 Kf8
12.Ng5xf7 Kxf7
13.Bh7g6 Kf8
14.Bg6xe8 Qd8xe8
15.d4 Kg8
16.Nb1d2 Qe8f7
17.Nd2c4 Nf6d5
18.b4  { time }
1-0

[Event "Tourn. n8155"]
[Site "www.chess-mail.com"]
[Date "2015.05.10"]
[Round "1"]
[White "Karousek"]
[Black "Asoka"]
[WhiteElo "2280"]
[BlackElo "2620"]
[Result "0-1"]
[Round "1"]
1.Ng1f3 d5
2.c4 e6
3.g3 d4
4.d3 c5
5.Bf1g2 Ng8e7
6.O-O Nb8c6
7.Nb1d2 Ne7f5
8.Nd2e4 h5
9.h4 Bf8e7
10.a3 O-O
11.Bc1f4 f6
12.Bf4d2 Bc8d7
13.Ra1b1 a5
14.Qd1c1 Qd8c7
15.Rf1e1 e5
16.b3 Ra8d8
17.e3 dxe3
18.Bd2xe3 Nf5xe3
19.Re1xe3 Bd7f5
 { time }
0-1

[Event "Tourn. n8024"]
[Site "www.chess-mail.com"]
[Date "2015.05.10"]
[Round "1"]
[White "Pgcbies"]
[Black "Greghghs"]
[WhiteElo "2790"]
[BlackElo "2380"]
[Result "1-0"]
[Round "1"]
1.e4 e5
2.Ng1f3 Nb8c6
3.Bf1c4 Ng8f6
4.d3 h6
5.Bc4b3 d6
6.O-O Bf8e7
7.c3 O-O
8.Rf1e1 Bc8g4
9.Nb1d2 Qd8d7
10.Nd2f1 Nf6h7
11.Nf1e3 Bg4e6
12.Bb3a4 Qd7c8
13.d4 exd4
14.cxd4 Be6d7
15.d5 Nc6e5
16.Ba4xd7 Ne5xd7
17.Ne3f5 Rf8e8
18.Nf5xe7 Re8xe7
19.Nf3d4 Nh7f6
20.f3 Re7e8
21.b3 Kh7
22.Nd4f5 Qc8d8
23.Qd1d2 Nf6g8
24.Bc1b2 g6
25.Nf5e3 Ng8f6
26.Ra1c1 a6
27.Rc1c2 Ra8c8
28.Re1c1 Re8g8
29.Bb2d4 Nd7e5
30.Bd4xe5 dxe5
31.Qd2b4 b6
32.Rc2c6 Nf6d7
33.Qb4d2 Nd7f6
34.d6 { resign }
1-0

[Event "Tourn. n8197"]
[Site "www.chess-mail.com"]
[Date "2015.05.10"]
[Round "1"]
[White "Bobjones"]
[Black "Guidom"]
[WhiteElo "2220"]
[BlackElo "2080"]
[Result "1-0"]
[Round "1"]
1.d4 d5
2.c4 dxc4
3.e3 Ng8f6
4.Bf1xc4 e6
5.Ng1f3 Bf8e7
6.O-O O-O
7.Nb1c3 c6
8.a3 Nb8d7
9.b4 Nd7b6
10.Bc4b3 Bc8d7
11.Bc1b2 Nb6d5
12.Bb3c2 Nd5xc3
13.Bb2xc3 Nf6d5
14.Qd1d3 g6
15.Bc3d2 Be7f6
16.e4 Nd5e7
17.Nf3e5 Bf6xe5
18.dxe5 Qd8c7
19.Bd2g5 Ne7c8
20.Bg5f6 h6
21.Qd3h3 Kh7
22.g4 c5
23.g5 h5
24.Bc2d1 Rf8h8
25.Bd1xh5 Kg8
26.Bf6xh8 Nc8e7
27.Bh8f6 Kf8
28.Bh5f3 Bd7c6
29.Qh3h8 Ne7g8
30.Qh8g7 { resign }
1-0

[Event "Tourn. n8236"]
[Site "www.chess-mail.com"]
[Date "2015.05.10"]
[Round "1"]
[White "Inez"]
[Black "Vitoriccardo"]
[WhiteElo "1620"]
[BlackElo "1740"]
[Result "1-0"]
[Round "1"]
1.e4 e6
2.d4 d5
3.Nb1d2 dxe4
4.Nd2xe4 Ng8f6
5.Ne4xf6 Qd8xf6
6.Ng1f3 Bc8d7
7.Bf1d3 Nb8c6
8.Bc1g5 { resign }
1-0

[Event "Tourn. n8186"]
[Site "www.chess-mail.com"]
[Date "2015.05.10"]
[Round "1"]
[White "Genius7"]
[Black "Silent1"]
[WhiteElo "1800"]
[BlackElo "1940"]
[Result "0-1"]
[Round "1"]
1.e4 e5
2.Ng1f3 d6
3.d4 exd4
4.Nf3xd4 Bf8e7
5.Nb1c3 Ng8f6
6.Bf1e2 O-O
7.O-O Bc8d7
8.Bc1e3 Nb8c6
9.Qd1d2 Nc6xd4
10.Be3xd4 Bd7c6
11.Be2f3 a6
12.Rf1e1 Nf6d7
 { time }
0-1

[Event "Match"]
[Site "www.echecsemail.com"]
[Date "2015.05.10"]
[Round "1"]
[White "Valdri"]
[Black "Sorren"]
[WhiteElo "2040"]
[BlackElo "1840"]
[Result "0-1"]
[Round "1"]
1.e4 e5
2.Ng1f3 Nb8c6
3.Bf1b5 a6
4.Bb5a4 Ng8f6
5.O-O b5
6.Ba4b3 Bf8e7
7.Rf1e1 d6
8.c3 Bc8b7
9.d4 exd4
10.cxd4 O-O
11.a4 Rf8e8
 { time }
0-1

[Event "Match"]
[Site "www.echecsemail.com"]
[Date "2015.05.10"]
[Round "1"]
[White "Ztornad"]
[Black "Castletyme"]
[WhiteElo "1620"]
[BlackElo "1900"]
[Result "0-1"]
[Round "1"]
1.Nb1c3 Nb8c6
2.e4 e5
3.Ng1f3 Ng8f6
4.Bf1c4 h6
5.a3 d6
6.d4 exd4
7.Nf3xd4 Nc6xd4
8.Qd1xd4 c6
9.Bc1f4 Bc8e6
10.Bc4xe6 fxe6
11.O-O e5
12.Bf4xe5 dxe5
13.Qd4xe5 Qd8e7
14.Qe5d4 Qe7d7
15.Qd4e5 Bf8e7
16.Ra1d1 Qd7c8
17.Rd1d6 Qc8c7
18.Rd6e6 Qc7xe5
19.Re6xe5 Kf7
20.Re5f5 Kg6
21.Nc3e2 Nf6d7
22.Ne2f4 Kh7
23.g3 Rh8f8
24.Rf5a5 Nd7c5
25.b4 Nc5xe4
26.h4 Be7xh4
27.Nf4e6 Rf8xf2
28.Rf1xf2 Ne4xf2
29.Kxf2 Bh4f6
30.Ne6c5 b6
31.Ra5a6 bxc5
32.bxc5 Bf6d4
33.Kg2 Bd4xc5
34.Ra6a5 Bc5b6
35.Ra5e5 Ra8d8
36.Kf3 Rd8d2
37.c4 Rd2d3
38.Kg4 Rd3xa3
39.c5 Bb6c7
40.Re5e7 Bc7xg3
41.Re7e6 a5
42.Re6xc6 Bg3e5
43.Kf5 Be5d4
44.Rc6c8 g6
45.Ke4 Bd4xc5
46.Rc8xc5 h5
47.Kd4 h4
48.Ke4 h3
49.Rc5c2 g5
50.Kf5 Kh6
51.Kg4 Ra3a4
52.Kxh3 Kh5
53.Kg3 Ra4a3
54.Kg2 Kh4
55.Kg1 g4
56.Kg2 Ra3g3
57.Kh1 a4
58.Rc2a2 a3
59.Ra2e2 Rg3b3
60.Re2a2 Rb3b1
 { time }
0-1

[Event "Match"]
[Site "www.echecsemail.com"]
[Date "2015.05.10"]
[Round "1"]
[White "Llord"]
[Black "F14"]
[WhiteElo "1790"]
[BlackElo "1860"]
[Result "0-1"]
[Round "1"]
1.e4 c5
2.Ng1f3 g6
3.d4 Bf8g7
4.dxc5 Qd8a5
5.c3 Qa5xc5
6.Bc1e3 Qc5c7
7.Nf3g5 h6
8.Ng5h3 d6
9.Bf1c4 Qc7xc4
10.Nb1d2 Qc4d3
11.Nh3f4 Qd3b5
12.Ra1b1 Ng8f6
13.a4 Qb5a6
14.Nf4e2 Bc8g4
15.O-O Bg4xe2
16.Qd1c2 Be2d3
17.Qc2c1 Bd3xb1
18.Nd2xb1 Nb8d7
19.b3 O-O
20.Nb1a3 Nf6xe4
21.Na3b5 Qa6c6
22.c4 a6
23.Nb5d4 Bg7xd4
24.Be3xh6 Bd4g7
25.Bh6e3 Nd7c5
26.Be3xc5 Ne4xc5
27.Qc1c2 Ra8c8
28.Rf1e1 Qc6b6
29.Re1e3 Nc5e6
30.g3 Qb6c6
31.h4 b5
32.axb5 axb5
33.Kh2 Ne6d4
34.Qc2d3 Nd4f5
35.Re3e2 bxc4
36.bxc4 Qc6xc4
37.Qd3d2 Bg7e5
38.Kh3 Nf5d4
39.Re2e4 Qc4f1
40.Kg4 f5
{ resign }
0-1